| 000 | 00671nam a2200157 i 4500 | ||
|---|---|---|---|
| 001 | 185565 | ||
| 003 | ES-MaACL | ||
| 005 | 20250822235201.0 | ||
| 008 | 160712s1930 fr |||| | fre d | ||
| 245 | 0 | 0 |
_aCollection Couturier : _bmonnaies antiques, grecques et romaines, monnaies françaises, gauloises, mérovingiennes et capétiennes, monnaies féodales et étrangères, médailles & jetons : vente aux enchères publiques les lundi 7, mardi 8, mercredi 9 et jeudi 10 avril 1930. |
| 260 |
_aParis : _b[Chaufour], _c1930. |
||
| 300 |
_a94 p., 16 lám. : _bil. ; _c28 cm. |
||
| 650 | 7 |
_aNumismática _2embne _915648 |
|
| 852 | 1 |
_aBA _jB-3394 |
|
| 999 |
_c185565 _d185565 |
||